| Tag |
First Indicator |
Second Indicator |
Subfields |
| LEADER |
00000cam a2200000 a 4500 |
| 001 |
in00000082873 |
| 005 |
20151008054244.0 |
| 008 |
810529s1981 mdu 00011 eng |
| 010 |
|
|
|a 81047591
|z 81047581
|
| 020 |
|
|
|a 0801826926
|
| 035 |
|
|
|a (OCoLC)07575649
|
| 035 |
|
|
|9 AAJ0114AM
|
| 039 |
0 |
|
|a 2
|b 3
|c 3
|d 3
|e 3
|
| 040 |
|
|
|a DLC
|c DLC
|d TXA
|d UtOrBLW
|
| 049 |
|
|
|a TXAM
|c [932628]
|
| 050 |
0 |
0 |
|a PS3563.A85
|b D8
|
| 082 |
0 |
|
|a 813/.54
|2 19
|
| 100 |
1 |
|
|a Matthews, Jack.
|
| 245 |
1 |
0 |
|a Dubious persuasions :
|b short stories /
|c by Jack Matthews.
|
| 263 |
|
|
|a 8110
|
| 264 |
|
1 |
|a Baltimore, Md. :
|b Johns Hopkins University Press,
|c [1981]
|
| 264 |
|
4 |
|c ©1981
|
| 300 |
|
|
|a 155 pages ;
|c 24 cm.
|
| 336 |
|
|
|a text
|b txt
|2 rdacontent
|
| 337 |
|
|
|a unmediated
|b n
|2 rdamedia
|
| 338 |
|
|
|a volume
|b nc
|2 rdacarrier
|
| 490 |
1 |
|
|a Johns Hopkins, poetry and fiction
|
| 830 |
|
0 |
|a Johns Hopkins, poetry and fiction.
|
| 999 |
|
|
|a MARS
|
| 999 |
f |
f |
|s 981d5011-dddb-3c96-9617-153750577429
|i 7db6c0d3-b9c1-370e-9ec3-27d32f7e1c20
|t 0
|
| 952 |
f |
f |
|p ric
|a Texas A&M University
|b Rellis Campus
|c Joint Library Facility
|d Remote Storage
|t 0
|e PS3563.A85 D8
|h Library of Congress classification
|i unmediated -- volume
|m A14806192925
|
| 998 |
f |
f |
|a PS3563.A85 D8
|t 0
|l Remote Storage
|